00307nam a2200109 a 4500008004100000050001600041100001900057245005500076260004200131300001500173350000900188120416s1966 ||||||||||||||||| || u aHF 5417 Res aYamey, Basil S10aResale price maintenancecedited by Basil S. Yamey aLondonbWeidenfeld and Nicolsonc1966 avii, 303p. a0.00